000 00652nam a2200217 i 4500
001 140877
003 ES-MaACL
005 20230906200154.0
007 t|
008 070918s1966 ag ||||1| spa d
080 _a613.7:1(54)
100 1 _aYesudian, Selvarajan.
_9117631
245 1 0 _aYoga y salud /
_cSelvarajan Yesudian y Elisabeth Haich ; [traducción por Max Siminovich].
260 _aBuenos Aires :
_bCentral,
_c[1966]
300 _a221 p. :
_bil. ;
_c21 cm.
650 4 _aYoga.
_917859
700 1 _aHaich, Elisabeth.
_961481
700 1 _aSiminovich, Maximo.
_9199440
852 _aES-MaACL
_jC-30524
_bR.60764
999 _c140877
_d140877